|
|
|
|
| LEADER |
00000nam a22000007a 4500 |
| 005 |
20120808144014.0 |
| 007 |
cr|||| |||| |
| 008 |
120808s2002 pe |||||s|||| 00||0 spa d |
| 020 |
|
|
|a 9972-733-35-1
|
| 035 |
|
|
|a 6455
|
| 040 |
|
|
|a vLex
|
| 090 |
|
|
|c 3360
|d 3360
|
| 245 |
0 |
0 |
|a Cd̤igo Penal
|h [Recurso electrn̤ico] :
|b Notas de Jurisprudencia, Acuerdos Plenarios y Doctrina /
|c Ramiro Gonzl̀ez Rodrg̕uez
|
| 256 |
|
|
|a Servicio en ln̕ea
|
| 260 |
|
|
|a Lima :
|b Palestra Editores,
|c 2002
|
| 300 |
|
|
|a 1 recurso electrn̤ico
|
| 506 |
1 |
|
|a Contenido solo disponible en los productos indicados
|d vLex Global
|d vLex Global (Academic Edition, excluding Law Schools)
|d vLex Global (U.S. Academic Edition, Law Schools)
|d vLex Global (U.S. Academic Edition, excluding Law Schools)
|d vLex Global (Academic Edition, Law Schools)
|
| 650 |
0 |
4 |
|a Derecho penal
|z Per︢
|
| 650 |
0 |
4 |
|a Jurisprudencia
|z Per︢
|
| 740 |
0 |
|
|a vLex Libros (servicio en ln̕ea)
|
| 856 |
4 |
0 |
|u http://vlex.com/source/codigo-penal-notas-jurisprudencia-acuerdos-plenarios-doctrina-6455
|z Acceso restringido
|
| 942 |
|
|
|c BOOK
|
| 999 |
0 |
|
|a Criminal law
|
| 999 |
0 |
|
|a Jurisprudence
|